000 00486nam a22001937a 4500
005 20231019155022.0
008 231019b ||||| |||| 00| 0 eng d
040 _cAL
041 _aeng
082 _223
_a381/271
_bRAMA
100 _aB S Raman
_9139007
245 _aAcountancy Commerce Puc Vol 1
250 _a3
260 _aMangalore
_bUnited Publishers
_c1989
440 _nVol I
_9138994
650 _aAccountacy
_9138995
700 _aRAMAN (B S)
_9138996
942 _2ddc
_cBK
999 _c228994
_d228994